Optimizing the soil physical environment toward greater crop yields

This book presents papers that were given at a special invitational panel on the topic " Optimizing the soil physical environment toward greater crop yields", convened as part of the international symposium on soilwater physics and technology.

Bewaard in:
Bibliografische gegevens
Hoofdauteur: Hillel, Daniel
Formaat: Boek
Taal:Undetermined
Gepubliceerd in: New York Academic Press 1972
Onderwerpen:
Tags: Voeg label toe
Geen labels, Wees de eerste die dit record labelt!
Thư viện lưu trữ: Trung tâm Học liệu Trường Đại học Cần Thơ
LEADER 00772nam a2200193Ia 4500
001 CTU_21818
008 210402s9999 xx 000 0 und d
082 |a 631.4 
082 |b H651 
100 |a Hillel, Daniel 
245 0 |a Optimizing the soil physical environment toward greater crop yields 
245 0 |c Daniel Hillel 
260 |a New York 
260 |b Academic Press 
260 |c 1972 
520 |a This book presents papers that were given at a special invitational panel on the topic " Optimizing the soil physical environment toward greater crop yields", convened as part of the international symposium on soilwater physics and technology. 
650 |a Soil physics,Soil science 
904 |i Minh 
980 |a Trung tâm Học liệu Trường Đại học Cần Thơ